| 000 | 00415nam a2200169 a 4500 | ||
|---|---|---|---|
| 001 | 3310 | ||
| 003 | CDMR | ||
| 005 | 20130326115242.0 | ||
| 008 | 130130s1997||||||||||||||||||||||||||||d | ||
| 020 | _a8479354356 | ||
| 040 |
_aCDMR _bcat _cCPC LLEIDA |
||
| 100 | 1 |
_aViana, Amadeu _92398 |
|
| 245 | 1 | 0 |
_aRaons relatives _cAmadeu Viana |
| 260 |
_aLleida _c1997 _bPagès |
||
| 490 | 0 |
_aEl Fil d'Ariadna _v24 |
|
| 942 |
_cMON _2udc |
||
| 999 |
_c3310 _d3310 |
||